000 01565cam a22003975i 4500
001 18329130
003 EG-ScBUE
005 20250702084833.0
008 141008t2016 maua f 001 0 eng d
020 _a9781305079113
020 _a1305079116
040 _aEG-ScBUE
_beng
_erda
_cEG-ScBUE
_dEG-ScBUE
082 0 4 _a540
_bOXT
_222
100 1 _aOxtoby, David W.,
_941410
_eauthor.
245 1 0 _aPrinciples of modern chemistry /
_cDavid W. Oxtoby, Pomona College, H. P. Gillis, University of California-Los Angeles, Laurie J. Butler, The University of Chicago.
246 3 0 _aChemistry
250 _aEighth edition.
264 1 _aBoston, Massachusetts :
_bCengage Learning,
_c[2016]
264 4 _cc2016
300 _a1 volume (various pagings) :
_billustrations (some color) ;
_c29 cm
336 _2rdacontent
_atext
_btxt
337 _aunmediated
_2rdamedia
_bn
338 _avolume
_bnc
_2rdacarrier
500 _aIncludes index.
500 _aIncludes glossary.
500 _aIncludes Appendices.
650 7 _aChemistry
_vTextbooks.
_2BUEsh
653 _bENGGEN
_cOctober2016
655 _vReading book
_934232
700 1 _aGillis, H. P.,
_941411
_eauthor.
700 1 _aCampion, Alan,
_941412
_eauthor.
856 4 2 _3Contributor biographical information
_uhttp://www.loc.gov/catdir/enhancements/fy1608/2014953673-b.html
856 4 2 _3Publisher description
_uhttp://www.loc.gov/catdir/enhancements/fy1608/2014953673-d.html
856 4 1 _3Table of contents only
_uhttp://www.loc.gov/catdir/enhancements/fy1608/2014953673-t.html
942 _2ddc
_cBB
999 _c22497
_d22469